<?xml version="1.0" encoding="UTF-8"?>
<marc:record xmlns:marc="http://www.loc.gov/MARC21/slim">
   <marc:leader>00000nam a2200000 a 4500</marc:leader>
   <marc:datafield ind1="1" ind2=" " tag="100">
      <marc:subfield code="a">Meyer, Stephenie</marc:subfield>
      <marc:subfield code="4">aut</marc:subfield>
      <marc:subfield code="e">Verfasser/-in</marc:subfield>
   </marc:datafield>
   <marc:datafield ind1="1" ind2=" " tag="100">
      <marc:subfield code="a">Hachmeister, Sylke</marc:subfield>
      <marc:subfield code="4">oth</marc:subfield>
      <marc:subfield code="e">Sonstiges</marc:subfield>
   </marc:datafield>
   <marc:datafield ind1=" " ind2=" " tag="653">
      <marc:subfield code="a">Vampir</marc:subfield>
   </marc:datafield>
   <marc:datafield ind1="0" ind2="0" tag="245">
      <marc:subfield code="a">Twilight 3 - Bis(s) zum Abendrot</marc:subfield>
   </marc:datafield>
   <marc:datafield ind1="0" ind2="0" tag="245">
      <marc:subfield code="c">Meyer, Stephenie</marc:subfield>
   </marc:datafield>
   <marc:datafield ind1=" " ind2="1" tag="264">
      <marc:subfield code="c">2008</marc:subfield>
   </marc:datafield>
   <marc:datafield ind1="1" ind2=" " tag="490">
      <marc:subfield code="a">Twilight</marc:subfield>
      <marc:subfield code="v">3</marc:subfield>
   </marc:datafield>
   <marc:datafield ind1=" " ind2=" " tag="250">
      <marc:subfield code="a">2. [Nachdr.]</marc:subfield>
   </marc:datafield>
   <marc:datafield ind1="1" ind2=" " tag="520">
      <marc:subfield code="a">In großer Gefahr wird Bella zur Mittlerin zwischen Vampiren und Werwölfen - für welche Seite wird sie sich entscheiden?&#xD;
&#xD;
Eigentlich ist alles geregelt zwischen Bella und ihrer großen Liebe, dem atemberaubend schönen Vampir Edward. Nach dem Schulabschluss will Bella sich verwandeln lassen, um in alle Ewigkeit bei Edward zu bleiben. Doch da gibt es noch ihren Freund Jacob, den Werwolf, den sie fast ebenso liebt wie Edward und der ihre Gefühle beträchtlich ins Wanken bringt. Seine Liebe animiert sie dazu, die bitter verfeindeten Werwölfe und Vampire gemeinsam gegen einen übermächtigen Gegner zu vereinen, der im benachbarten Seattle wahllos mordet. - Endlich ist er da, Band 3 der ungemein spannenden Reihe um die unmögliche Verbindung zweier Liebender über alle Schranken hinweg. Und schon stürmt er die Bestsellerlisten, zu Recht! Unerwartete Wendungen, Gefühlsstürme und eine latente, nicht greifbare Bedrohung für Bella sorgen für fast unerträglichen Nervenkitzel und werden manchen Nachtschlaf zunichte machen. Für alle jugendlichen und erwachsenen Fans ein Leckerbissen! (Übers.: Sylke Hachmeister) (Beate Mainka)</marc:subfield>
   </marc:datafield>
   <marc:datafield ind1=" " ind2=" " tag="020">
      <marc:subfield code="a">9783551581662</marc:subfield>
      <marc:subfield code="9">9783551581662</marc:subfield>
   </marc:datafield>
   <marc:datafield ind1=" " ind2=" " tag="020">
      <marc:subfield code="a">3551581665</marc:subfield>
      <marc:subfield code="9">3551581665</marc:subfield>
   </marc:datafield>
   <marc:datafield ind1=" " ind2=" " tag="041">
      <marc:subfield code="a">ger</marc:subfield>
   </marc:datafield>
   <marc:datafield ind1="0" ind2=" " tag="490">
      <marc:subfield code="v">3</marc:subfield>
   </marc:datafield>
   <marc:datafield ind1=" " ind2=" " tag="338">
      <marc:subfield code="a">Band</marc:subfield>
   </marc:datafield>
   <marc:datafield ind1=" " ind2=" " tag="300">
      <marc:subfield code="a">619 S.</marc:subfield>
   </marc:datafield>
</marc:record>
